00440 a2200109 4500001001000000005001700010008004100027245010400068100002100172773012000193999001700313ART_3026620260410161918.0260409a 10aResponsabilidad del auditor sobre otra información que acompaña los estados contables auditados1 aCanetti, Marcelo0 tDocumentos de trabajo de contabilidad, auditoría y responsabilidad socialg- Año 4, Nº 8 (dic. 2014)wREV14385 c27469d27469